00338nam a2200133Ia 4500008004100000020002200041041001200063100001800075245004300093250001200136260003300148300000800181650001500189221220s9999 xx 000 0 und d a978-93-392-0346-7 aEnglish aP. C. Tulsian 0aBusiness Law 3rd Ed.cby P. C. Tulsian a3rd Ed. bMcgraw Hill PubaIndiac2021 a253 aManagement